Sổ tay hướng dẫn mô hình nuôi tôm sú luân canh (Penaeus monodon với nuôi tôm càng xanh (Macrobrachium rosenbergii de Man, 1897) trong ruộng lúa canh tác két hợp

Nội dung gồm hai phần chính:kỹ thuật nuôi tôm càng xanhxen canh trong ruộng lúa; kỹ thuật nuôi tôm sú luân canh với tôm càng xanh kết hợp trong ruộng lúa.

Saved in:
Bibliographic Details
Format: Book
Language:Undetermined
Published: Cần Thơ Nxb. Đại học Cần Thơ 2015
Subjects:
Tags: Add Tag
No Tags, Be the first to tag this record!
Institutions: Trung tâm Học liệu Trường Đại học Cần Thơ
LEADER 00918nam a2200181Ia 4500
001 CTU_236954
008 210402s9999 xx 000 0 und d
082 |a 639.64 
082 |b S450 
245 0 |a Sổ tay hướng dẫn mô hình nuôi tôm sú luân canh (Penaeus monodon với nuôi tôm càng xanh (Macrobrachium rosenbergii de Man, 1897) trong ruộng lúa canh tác két hợp 
245 0 |c Dương Nhựt Long biên soạn 
260 |a Cần Thơ 
260 |b Nxb. Đại học Cần Thơ 
260 |c 2015 
520 |a Nội dung gồm hai phần chính:kỹ thuật nuôi tôm càng xanhxen canh trong ruộng lúa; kỹ thuật nuôi tôm sú luân canh với tôm càng xanh kết hợp trong ruộng lúa. 
650 |a Shrimp culture,Nuôi tôm 
910 |a Tuyến 
980 |a Trung tâm Học liệu Trường Đại học Cần Thơ